000 01036nam a22002537a 4500
005 20170124103104.0
010 _aB-240566
020 _c300.00
_a817138125
035 _aB-240566
037 _bCen Lib/Ret
040 _aDPL
_bHN
082 _a
_bमुद्गल
100 _aमुद्गल, चित्रा
_977952
245 _aआदि अनादि -3 /
_c चित्रा मुद्गल
246 _aaadi anaadi -3
_bby Chitra Mudgal
260 _aनई दिल्ली
_bसामयिक प्रकाशन
_c2007
270 _a3320-21,जटवाडा नेता जी सुभाष मार्ग दरिया गंज
_bनई दिल्ली
_e110002
300 _a271पृष्ठ.
_c20सेमी(सजिल्द)
650 _aहिंदी साहित्य
_977953
650 _a हिंदी कहानी
_977954
650 _aHindi literature
_977955
650 _aHindi Story
_943117
942 _2ddc
_cHN
_h
_mमुद्गल
999 _c118014
_d118014